| 000 | 01134nam a22001697a 4500 | ||
|---|---|---|---|
| 008 | 140618b xxu||||| |||| 00| 0 eng d | ||
| 020 | _a9780534646769 | ||
| 050 | _aP90.W618 | ||
| 100 | _aWood,Julia T. | ||
| 245 |
_aCommunication in our lives. / _cJulia T.Wood. |
||
| 250 | _a4th ed. | ||
| 260 |
_aAustralia: _bThomson Wadsworth, _c2006. |
||
| 300 |
_axxvii,473p.; _bill.: _c26cm. |
||
| 500 | _aIncludes index,references,appendix and glossary. | ||
| 505 | _aContents: The world of communication -- Perception and communication -- Communication and personal identity -- Communication and culture -- The verbal dimension of communication -- Listening -- Foundations of interpersonal communication -- Communication in personal relationships -- Foundations of group and team communication -- Effective communication in task groups and teams -- Mass communication and media literacy -- Planning public speaking -- Researching and developing support for public speeches -- Informative speaking -- Persuasive speaking -- Closing:pulling ideas together -- Appendix A:annotated sample speeches -- Appendix B:interviewing | ||
| 942 |
_2lcc _cBK |
||
| 999 |
_c3004 _d10504 |
||